| 000 | 00721cam a2200253u 4500 | ||
|---|---|---|---|
| 001 | 14293 | ||
| 003 | BD-RjUL | ||
| 005 | 20211208235613.0 | ||
| 008 | 140205s1966 enka 000 0 eng | ||
| 035 | _a(BD-RjUL)14345 | ||
| 040 |
_aDLC _cBD-RjUL _dBD-RjUL _beng |
||
| 041 | _aeng | ||
| 082 |
_221 _a645 _bMUS 1966 |
||
| 100 | 1 |
_aMunro, Anne Blythe. [from old catalog] _944632 |
|
| 245 | 1 | 0 |
_aSoft furnishings made easy: _ba guide and pattern book. |
| 260 |
_aLondon, _bMethuen, _c1966. |
||
| 300 |
_a116 p. _billus., tables, diagrs. _c23 cm. |
||
| 650 | 0 |
_aDraperies. _944633 |
|
| 650 | 0 |
_aSlip covers. _944634 |
|
| 650 | 0 |
_aBedding. _944635 |
|
| 650 | 0 |
_aUpholstery. _944636 |
|
| 942 |
_2ddc _cBK |
||
| 999 |
_c14293 _d14293 |
||